TKKG Wissens Quiz - Statistiken

Allgemein
  • Dieses Quiz wurde 104 mal gespielt
  • Das Durchschnittsergebnis liegt bei 7 aus 15
Antwortstatistiken
Hint Antwort % Korrekt
Welchen Spitznamen hat Gaby? Pfote
91%
Wie heißt das Zimmer von Tim und Willi? Adlernest
80%
Welche Hunderasse hat Oscar? Cocker Spaniel
69%
Wo wohnen die Mitglieder von TKKG? Millionenstadt
69%
Wofür steht TKKG? Tim Karl Klößchen Gaby
60%
Wie nennt TKKG Inspektor Bienert? Wespe
56%
Wie heißt Kommissar Glockner mit Vornamen? Emil
54%
In welche Klasse geht TKKG? 9b
52%
Wie heißt der Chauffeur von Familie Sauerlich? Georg
36%
Wie heißt Willis Mutter? Erna Sauerlich
35%
Welchen Beruf hatte Tims Vater? Ingenieur
29%
Als was arbeitet Karls Mutter? Apothekerin
20%
Wann erschien das letzte Buch? 2011
18%
Wie viele goldene Schallplatten gewann die Serie? 42
7%
Wer steckt hinter dem Pseudonym Stefan Wolf? Rolf Kalmuczak
5%
Keine übereinstimmenden Quizze gefunden
Verteilung der Resultate
Anzahl Personen mit jedem Resultat
Perzentil nach korrekt beantworteten Fragen
Ihre Resultats-Entwicklung
Sie haben dieses Quiz noch nicht gespielt